| 000 | 01723nam a2200409Ia 4500 | ||
|---|---|---|---|
| 001 | ebr10621791 | ||
| 003 | CaPaEBR | ||
| 006 | m u | ||
| 007 | cr cn||||||||| | ||
| 008 | 120309s2012 gaua sb 001 0 eng d | ||
| 010 | _z 2012009963 | ||
| 020 | _z9780820343891 | ||
| 020 | _z9780820343907 | ||
| 020 | _z9780820344751 | ||
| 040 |
_aCaPaEBR _cCaPaEBR |
||
| 035 | _a(OCoLC)823743650 | ||
| 043 | _an-us--- | ||
| 050 | 1 | 4 |
_aHF5472.U6 _bA45 2012eb |
| 100 | 1 | _aAlkon, Alison Hope. | |
| 245 | 1 | 0 |
_aBlack, white, and green _h[electronic resource] : _bfarmers markets, race, and the green economy / _cAlison Hope Alkon. |
| 260 |
_aAthens : _bUniversity of Georgia Press, _cc2012. |
||
| 300 |
_axii, 2063 p. : _bill. |
||
| 440 | 0 |
_aGeographies of justice and social transformation ; _v13 |
|
| 504 | _aIncludes bibliographical references and index. | ||
| 533 |
_aElectronic reproduction. _bPalo Alto, Calif. : _cebrary, _d2011. _nAvailable via World Wide Web. _nAccess may be limited to ebrary affiliated libraries. |
||
| 650 | 0 |
_aFarmers' markets _xSocial aspects _zUnited States. |
|
| 650 | 0 |
_aSustainable agriculture _xSocial aspects _zUnited States. |
|
| 650 | 0 |
_aAlternative agriculture _xSocial aspects _zUnited States. |
|
| 650 | 0 |
_aAfrican American farmers _zUnited States. |
|
| 650 | 0 |
_aFood supply _xSocial aspects _zUnited States. |
|
| 650 | 0 |
_aCommunity development _zUnited States. |
|
| 650 | 0 |
_aMinorities _zUnited States _xEconomic conditions. |
|
| 650 | 0 |
_aSocial justice _zUnited States. |
|
| 655 | 7 |
_aElectronic books. _2local |
|
| 710 | 2 | _aebrary, Inc. | |
| 856 | 4 | 0 |
_uhttp://site.ebrary.com/lib/rucke/Doc?id=10621791 _zAn electronic book accessible through the World Wide Web; click to view |
| 999 |
_c56853 _d56853 |
||